000 01011cam a2200325 i 4500
001 105946
005 20230404130052.0
008 790716r19741923cu bd 000 0 spa
035 _9(DLC) 79104055
035 _a867446
010 _a 79104055
040 _aDLC
_cDLC
_dDLC
043 _anwcu---
050 1 4 _a107 PC 4854
_bO77n 1974
082 0 0 _a467/.97291
100 1 _aOrtiz, Fernando,
_d1881-1969.
245 1 0 _aNuevo Catauro de cubanismos /
_cFernando Ortiz.
260 _aLa Habana :
_bInstituto Cubano del Libro / Editorial de Ciencias Sociales,
_c1974.
300 _a526 p. ;
_c24 cm.
440 0 _aPensamiento cubano
500 _aFirst ed. published in 1923 under title: Un catauro de cubanismos.
501 _aEdición Póstuma
504 _aBibliography: (p. 513-526)
650 0 _aSpanish language
_xProvincialisms
_zCuba
_xDictionaries.
650 4 _aCFB
650 4 _aColecciòn Font Bernard
710 2 _aInstituto Cubano del Libro
942 _2lcc
_cbk
946 _aJPR
999 _c10333
_d10333